Logo BPK

Biblioteka

Politechniki Koszalińskiej

Warunki techniczne wykonania i odbioru robót budowlano-montażowych. (Rekord nr 4260)

Szczegóły MARC
000 -ETYKIETA REKORDU
podpole kontrolne o stałej długości 01090nam a2200289 i 4500
001 - NUMER KONTROLNY REKORDU
pole kontrolne bg
003 - IDENTYFIKATOR NUMERU KONTROLNEGO REKORDU
podpole kontrolne BPK
005 - DATA OSTATNIEJ MODYFIKACJI REKORDU
podpole kontrolne 20160318124145.0
008 - POLE O STAŁEJ DŁUGOŚCI - DANE KONTROLNE
podpole kontrolne o stałej długości 970904s1990 pl a f |000 0 pol
015 ## - NUMER BIBLIOGRAFII NARODOWEJ
Numer bibliografii narodowej PB 1990/8413
020 ## - MIĘDZYNARODOWY ZNORMALIZOWANY NUMER KSIĄŻKI - ISBN
ISBN 8321334334
020 ## - MIĘDZYNARODOWY ZNORMALIZOWANY NUMER KSIĄŻKI - ISBN
ISBN 8321335063
020 ## - MIĘDZYNARODOWY ZNORMALIZOWANY NUMER KSIĄŻKI - ISBN
ISBN 8321334946
040 ## - ŹRÓDŁO KATALOGOWANIA
Instytucja, która sporządziła opis WA N
Instytucja, która utworzyła rekord BPK
080 ## - UNIWERSALNA KLASYFIKACJA DZIESIĘTNA - UKD
UKD 69
245 00 - TYTUŁ/ODPOWIEDZIALNOŚĆ
Tytuł Warunki techniczne wykonania i odbioru robót budowlano-montażowych.
Oznaczenie części/sekcji dzieła T. 1, cz. 2,
Tytuł części/sekcji dzieła Budownictwo ogólne / [aut. Jerzy Chrzanowski et al.] ; Ministerstwo Gospodarki Przestrzennej i Budownictwa. Instytut Techniki Budowlanej.
246 30 - WARIANT TYTUŁU
Tytuł Budownictwo ogólne
250 ## - STREFA WYDANIA
Oznaczenie wydania [Wyd. 4
-- stan prawny na dzień 2 stycznia 1990 r.].
260 ## - STREFA ADRESU WYDAWNICZEGO
Miejsce wydania Warszawa :
Nazwa wydawcy/dystrybutora "Arkady",
Data publikacji, dystrybucji/powstania dokumentu 1990
Miejsce produkcji (Pozn. :
Nazwa producenta PZGMK).
300 ## - STREFA OPISU FIZYCZNEGO
Objętość 218, [2] s. :
Inne cechy fizyczne rys. ;
Rozmiary 29 cm.
504 ## - UWAGA DOTYCZĄCA BIBLIOGRAFII
Informacje o bibliografii Bibliogr. i normy przy rozdz.
650 #4 - HASŁO PRZEDMIOTOWE W FORMIE NAZWY OGÓLNEJ LUB JEDNOSTKOWEJ
Nazwa ogólna lub geograficzna Budownictwo
Określnik ogólny technika.
700 1# - HASŁO DODATKOWE - NAZWA OSOBOWA
Nazwa osobowa Chrzanowski, Jerzy.
710 2# - HASŁO DODATKOWE - NAZWA CIAŁA ZBIOROWEGO
Nazwa ciała zbiorowego lub jednostki geograficznej Wydawnictwo "Arkady".
Kod określenia powiązania pbl.
856 ## - LOKALIZACJA I DOSTĘP DO ELEKTRONICZNYCH DOKUMENTÓW ZDALNYCH
Link (URL) http://koha.tu.koszalin.pl/cgi-bin/koha/opac-detail.pl?biblionumber=4260
Tekst linku Katalog online BPK
942 ## - DODATKOWE ELEMENTY (KOHA)
Schemat klasyfikacji Uniwersalna Klasyfikacja Dziesiętna
Typ dokumentu Książka
Egzemplarze
Wycofany Status egzemplarza Uszkodzony Dostępność Lokalizacja stała Lokalizacja bieżąca Miejsce przechowywania Sygnatura Kod kreskowy Typ dokumentu Dział Status: wypożyczony Ostatnio wypożyczono
      Dostępny Biblioteka Politechniki Koszalińskiej Biblioteka Politechniki Koszalińskiej Wypożyczalnia BG P 40511 01356762 Książka      
      Dostępny Biblioteka Politechniki Koszalińskiej Biblioteka Politechniki Koszalińskiej Wypożyczalnia BG P 40512 01236231 Książka      
      Tylko na miejscu Biblioteka Politechniki Koszalińskiej Biblioteka Politechniki Koszalińskiej Czytelnia BG P 40513 02050744 Książka 69 Przemysł budowlany    
      Dostępny Biblioteka Politechniki Koszalińskiej Biblioteka Politechniki Koszalińskiej Wypożyczalnia BG P 40514 01142822 Książka   14.05.2027 18.08.2023
      Dostępny Biblioteka Politechniki Koszalińskiej Biblioteka Politechniki Koszalińskiej Wypożyczalnia BG P 40515 01623727 Książka      
© 2023 Biblioteka Politechniki Koszalińskiej :: KOHA